000 00607nam a2200217Ia 4500
003 OSt
005 20220928134500.0
006 a|||||r|||| 00| 0
007 ta
008 220927b |||||||| |||| 00| 0 eng d
024 _a47481
037 _cTextual
040 _aSDCL
_cSDCL
_beng
041 _2eng
_aeng
082 _aO152,1N13x, N0.1
100 _aAjit Kumar Au.
_9487175
245 0 _aSumitra Kumari Sinha
_b Rachanawali.
260 _aNew Delhi
_bRishabh Charan Evam Santati
_c1990
942 _hO152,1N13x, N0.1
_cTEXL
_2CC
999 _c801871
_d801871